Statistics for Name a Valid Hunger Games Character

Click here to take the quiz!

General Stats

  • This quiz has been taken 128 times
  • The average score is 13 of 15

Answer Stats

Name a Hunger Games Character...Answer% Correct
Who was a District 12 victorHaymitch Abermathy | Katniss Everdeen | Lucy Gray Baird | Peeta Mellark
99%
Who was a PresidentAlma Coin | Coriolanus Snow | Commander Paylor
96%
A victor who escaped the arena in the 3rd Quarter QuellBeetee Latier | Finnick Odair | Katniss Everdeen
93%
Was captured by the Capitol after the 75th GamesEnobaria | Johanna Mason | Peeta Mellark
93%
Was a stylist in the Hunger GamesCinna | Portia | Tigris Snow
92%
Was a District 11 tribute in the 74th GamesRue | Thresh
92%
Was killed in MockingjayAlma Coin | Boggs | Castor | Coriolanus Snow | Finnick Odair | Mesalla | Portia | Primrose Everdeen
91%
Who is related directly to the main protagonistCarine Everdeen | Primrose Everdeen
90%
Was a District 1 or 2 Career in the 74th GamesCato | Clove | Glimmer | Marvel
90%
Was part of main protagonist's prep teamCinna | Effie Trinket | Flavius | Octavia | Venia
90%
Who died in the arena in Catching FireBlight | Brutus | Cashmere | Cecelia | Chaff | Gloss | Mags | Seeder | Wiress | Woof
85%
Was whipped by a Head PeacekeeperGale Hawthorne
83%
Was a Head GamemakerSeneca Crane | Volumnia Gaul | Plutarch Heavensbee
81%
Was a District 3 tribute in the 75th GamesBeetee Latier | Wiress
71%
Was the Master of CeremoniesCaesar Flickerman | Lucky Flickerman
44%

Score Distribution

Percentile by Number Answered

Percent of People with Each Score

Your Score History

You have not taken this quiz